| 000 | 00676nam a2200193 i 4500 | ||
|---|---|---|---|
| 001 | 173310 | ||
| 003 | ES-MaACL | ||
| 005 | 20240508063048.0 | ||
| 008 | 091125s1966 pr |||| | spa d | ||
| 080 | _a86.0(729.5)-821"18" | ||
| 100 | 1 |
_aDiego, José de, _d1867-1918 _944549 |
|
| 245 | 1 | 0 |
_aObras completas. _nII / _cJosé de Diego. |
| 260 |
_aSan Juan de Puerto Rico : _bInstituto de Cultura Puertorriqueña, _c1966. |
||
| 300 |
_a1 v. (XIII p., 1 h., 566 p.) ; _c22 cm. |
||
| 505 | 8 |
_aContiene: II ; _tProsa: Nuevas campañas, El plebiscito |
|
| 710 | 2 |
_aInstituto de Cultura Puertorriqueña. _94858 |
|
| 852 |
_aES-MaACL _jC-57012 |
||
| 999 |
_c173310 _d173310 |
||